Gaming Quiz

Random Gaming or Word Play Quiz
Score 0/25 Timer 05:00
1 Play Today
% Correct
Oldeneye
80.5%
Angry Bids
80.4%
The SMS
79.5%
Zelda II: The Adventure of Ink
78.3%
Words with Fiends
76%
Oregon Rail
75.5%
Little Big Plant
74.6%
Pants vs. Zombies
74.6%
Perfect Ark
73.2%
Ned for Speed
72.9%
Tom Raider
71.4%
Meal Gear
69.6%
Rock Ban
69%
% Correct
Ears of War
68.9%
Assassin's Reed
68.7%
House of the Dad
68.2%
BioSock
68.2%
Tea Fortress
68%
Gran Theft Auto
67.7%
Alf-Life
66.7%
Silent Ill
63.9%
Final Fantas
63.7%
Moral Kombat
60.8%
Streets of Age
58.4%
Bublé Bobble
58.3%
Remove Ads.
Support Sporcle.
Get the best of Sporcle when you Go Orange. This ad-free experience offers more features, more stats, and more fun while also helping to support Sporcle. Thank you for becoming a member.

You're not logged in!

Compare scores with friends on all Sporcle quizzes.
OR
Log In

Show Comments

Extras

Top Quizzes Today


Score Distribution

Your Account Isn't Verified!

In order to create a playlist on Sporcle, you need to verify the email address you used during registration. Go to your Sporcle Settings to finish the process.

Report this User

Report this user for behavior that violates our Community Guidelines.

Details: